<?xml version="1.0" encoding="UTF-8"?>
<record
    xmlns:xsi="http://www.w3.org/2001/XMLSchema-instance"
    xsi:schemaLocation="http://www.loc.gov/MARC21/slim http://www.loc.gov/standards/marcxml/schema/MARC21slim.xsd"
    xmlns="http://www.loc.gov/MARC21/slim">

  <leader>00663nam a22001577a 4500</leader>
  <controlfield tag="003">OSt</controlfield>
  <controlfield tag="005">20150910150424.0</controlfield>
  <controlfield tag="008">150910b        xxu||||| |||| 00| 0 eng d</controlfield>
  <datafield tag="040" ind1=" " ind2=" ">
    <subfield code="c">RUA</subfield>
  </datafield>
  <datafield tag="082" ind1=" " ind2=" ">
    <subfield code="a">AGR &#x17A2;&#x17CA;&#x17BB;&#x1793;&#x200B; 1995 B012 Or.1</subfield>
  </datafield>
  <datafield tag="100" ind1=" " ind2=" ">
    <subfield code="9">254</subfield>
    <subfield code="a">&#x17A2;&#x17CA;&#x17BB;&#x1793; &#x179F;&#x17BB;&#x1797;&#x17B6;&#x1796;</subfield>
  </datafield>
  <datafield tag="245" ind1=" " ind2=" ">
    <subfield code="a">&#x179F;&#x178F;&#x17D2;&#x179C;&#x179B;&#x17D2;&#x17A2;&#x17B7;&#x178F;&#x1794;&#x17C6;&#x1795;&#x17D2;&#x179B;&#x17B6;&#x1789;&#x179B;&#x17BE;&#x178A;&#x17C6;&#x178E;&#x17B6;&#x17C6;&#x1780;&#x1794;&#x17D2;&#x1794;&#x17B6;&#x179F; &#x1793;&#x17B7;&#x1784; &#x179C;&#x17B7;&#x1792;&#x17B6;&#x1793;&#x1780;&#x17B6;&#x179A;&#x178E;&#x17CD;&#x1780;&#x17B6;&#x179A;&#x1796;&#x17B6;&#x179A;&#x1793;&#x17C5;&#x1780;&#x17D2;&#x1793;&#x17BB;&#x1784;&#x1780;&#x179F;&#x17B7;&#x178A;&#x17D2;&#x178B;&#x17B6;&#x1793;&#x1796;&#x17BC;&#x1787;&#x1780;&#x1794;&#x17D2;&#x1794;&#x17B6;&#x179F;&#x1785;&#x17C6;&#x1780;&#x17B6;&#x179A;&#x179B;&#x17BE; &#x1781;&#x17C1;&#x178F;&#x17D2;&#x178F;&#x1780;&#x17C6;&#x1796;&#x1784;&#x17CB;&#x1785;&#x17B6;&#x1798;</subfield>
  </datafield>
  <datafield tag="260" ind1=" " ind2=" ">
    <subfield code="a">Phnom Penh</subfield>
    <subfield code="b">RUA</subfield>
    <subfield code="c">1995</subfield>
  </datafield>
  <datafield tag="300" ind1=" " ind2=" ">
    <subfield code="a">49p.</subfield>
    <subfield code="b">ill.</subfield>
    <subfield code="c">29cm.</subfield>
  </datafield>
  <datafield tag="942" ind1=" " ind2=" ">
    <subfield code="2">ddc</subfield>
    <subfield code="c">AGR</subfield>
  </datafield>
  <datafield tag="999" ind1=" " ind2=" ">
    <subfield code="c">234</subfield>
    <subfield code="d">234</subfield>
  </datafield>
  <datafield tag="952" ind1=" " ind2=" ">
    <subfield code="0">0</subfield>
    <subfield code="1">0</subfield>
    <subfield code="2">ddc</subfield>
    <subfield code="4">0</subfield>
    <subfield code="6">AGR_&#x17A2;&#x17BB;&#x1793;_1995_000000000000000_B012_OR_1</subfield>
    <subfield code="7">0</subfield>
    <subfield code="9">1024</subfield>
    <subfield code="a">LBB</subfield>
    <subfield code="b">LBB</subfield>
    <subfield code="d">2015-09-10</subfield>
    <subfield code="l">2</subfield>
    <subfield code="o">AGR &#x17A2;&#x17CA;&#x17BB;&#x1793;&#x200B; 1995 B012 Or.1</subfield>
    <subfield code="p">RUA003781</subfield>
    <subfield code="r">2016-08-15</subfield>
    <subfield code="s">2016-08-08</subfield>
    <subfield code="w">2015-09-10</subfield>
    <subfield code="y">AGR</subfield>
  </datafield>
  <datafield tag="952" ind1=" " ind2=" ">
    <subfield code="0">0</subfield>
    <subfield code="1">0</subfield>
    <subfield code="2">ddc</subfield>
    <subfield code="4">0</subfield>
    <subfield code="6">AGR_&#x17A2;&#x17BB;&#x1793;_1995_000000000000000_B012_OR_2</subfield>
    <subfield code="7">0</subfield>
    <subfield code="9">1025</subfield>
    <subfield code="a">LBB</subfield>
    <subfield code="b">LBB</subfield>
    <subfield code="d">2015-09-10</subfield>
    <subfield code="l">3</subfield>
    <subfield code="o">AGR &#x17A2;&#x17CA;&#x17BB;&#x1793;&#x200B; 1995 B012 Or.2</subfield>
    <subfield code="p">RUA003853</subfield>
    <subfield code="r">2022-12-01</subfield>
    <subfield code="s">2022-10-28</subfield>
    <subfield code="w">2015-09-10</subfield>
    <subfield code="y">AGR</subfield>
  </datafield>
  <datafield tag="952" ind1=" " ind2=" ">
    <subfield code="0">0</subfield>
    <subfield code="1">0</subfield>
    <subfield code="2">ddc</subfield>
    <subfield code="4">0</subfield>
    <subfield code="6">AGR_&#x17A2;&#x17BB;&#x1793;_1995_000000000000000_B012_OR_3</subfield>
    <subfield code="7">0</subfield>
    <subfield code="9">1026</subfield>
    <subfield code="a">LBB</subfield>
    <subfield code="b">LBB</subfield>
    <subfield code="d">2015-09-10</subfield>
    <subfield code="l">1</subfield>
    <subfield code="o">AGR &#x17A2;&#x17CA;&#x17BB;&#x1793;&#x200B; 1995 B012 Or.3</subfield>
    <subfield code="p">RUA003782</subfield>
    <subfield code="r">2016-07-12</subfield>
    <subfield code="s">2016-07-04</subfield>
    <subfield code="w">2015-09-10</subfield>
    <subfield code="y">AGR</subfield>
  </datafield>
  <datafield tag="952" ind1=" " ind2=" ">
    <subfield code="0">0</subfield>
    <subfield code="1">0</subfield>
    <subfield code="2">ddc</subfield>
    <subfield code="4">0</subfield>
    <subfield code="6">AGR_&#x17A2;&#x17BB;&#x1793;_1995_000000000000000_B012_OR_4</subfield>
    <subfield code="7">0</subfield>
    <subfield code="9">1027</subfield>
    <subfield code="a">LBB</subfield>
    <subfield code="b">LBB</subfield>
    <subfield code="d">2015-09-10</subfield>
    <subfield code="l">3</subfield>
    <subfield code="o">AGR &#x17A2;&#x17CA;&#x17BB;&#x1793;&#x200B; 1995 B012 Or.4</subfield>
    <subfield code="p">RUA003854</subfield>
    <subfield code="r">2022-01-05</subfield>
    <subfield code="s">2021-12-07</subfield>
    <subfield code="w">2015-09-10</subfield>
    <subfield code="y">AGR</subfield>
  </datafield>
  <datafield tag="952" ind1=" " ind2=" ">
    <subfield code="0">0</subfield>
    <subfield code="1">0</subfield>
    <subfield code="2">ddc</subfield>
    <subfield code="4">0</subfield>
    <subfield code="6">AGR_&#x17A2;&#x17BB;&#x1793;_1995_000000000000000_B012_OR_5</subfield>
    <subfield code="7">0</subfield>
    <subfield code="9">1028</subfield>
    <subfield code="a">LBB</subfield>
    <subfield code="b">LBB</subfield>
    <subfield code="d">2015-09-10</subfield>
    <subfield code="l">1</subfield>
    <subfield code="o">AGR &#x17A2;&#x17CA;&#x17BB;&#x1793;&#x200B; 1995 B012 Or.5</subfield>
    <subfield code="p">RUA003711</subfield>
    <subfield code="r">2016-07-12</subfield>
    <subfield code="s">2016-07-05</subfield>
    <subfield code="w">2015-09-10</subfield>
    <subfield code="y">AGR</subfield>
  </datafield>
  <datafield tag="952" ind1=" " ind2=" ">
    <subfield code="0">0</subfield>
    <subfield code="1">0</subfield>
    <subfield code="2">ddc</subfield>
    <subfield code="4">0</subfield>
    <subfield code="6">AGR_&#x17A2;&#x17BB;&#x1793;_1995_000000000000000_B012_OR_6</subfield>
    <subfield code="7">0</subfield>
    <subfield code="9">1029</subfield>
    <subfield code="a">LBB</subfield>
    <subfield code="b">LBB</subfield>
    <subfield code="d">2015-09-10</subfield>
    <subfield code="l">1</subfield>
    <subfield code="o">AGR &#x17A2;&#x17CA;&#x17BB;&#x1793;&#x200B; 1995 B012 Or.6</subfield>
    <subfield code="p">RUA003783</subfield>
    <subfield code="r">2016-07-27</subfield>
    <subfield code="s">2016-07-11</subfield>
    <subfield code="w">2015-09-10</subfield>
    <subfield code="y">AGR</subfield>
  </datafield>
  <datafield tag="952" ind1=" " ind2=" ">
    <subfield code="0">0</subfield>
    <subfield code="1">0</subfield>
    <subfield code="2">ddc</subfield>
    <subfield code="4">0</subfield>
    <subfield code="6">AGR_&#x17A2;&#x17BB;&#x1793;_1995_000000000000000_B012_OR_7</subfield>
    <subfield code="7">0</subfield>
    <subfield code="9">1030</subfield>
    <subfield code="a">LBB</subfield>
    <subfield code="b">LBB</subfield>
    <subfield code="d">2015-09-10</subfield>
    <subfield code="l">1</subfield>
    <subfield code="o">AGR &#x17A2;&#x17CA;&#x17BB;&#x1793;&#x200B; 1995 B012 Or.7</subfield>
    <subfield code="p">RUA003857</subfield>
    <subfield code="r">2016-07-11</subfield>
    <subfield code="s">2016-07-04</subfield>
    <subfield code="w">2015-09-10</subfield>
    <subfield code="y">AGR</subfield>
  </datafield>
  <datafield tag="952" ind1=" " ind2=" ">
    <subfield code="0">0</subfield>
    <subfield code="1">0</subfield>
    <subfield code="2">ddc</subfield>
    <subfield code="4">0</subfield>
    <subfield code="6">AGR_&#x17A2;&#x17BB;&#x1793;_1995_000000000000000_B012_OR_8</subfield>
    <subfield code="7">0</subfield>
    <subfield code="9">1031</subfield>
    <subfield code="a">LBB</subfield>
    <subfield code="b">LBB</subfield>
    <subfield code="d">2015-09-10</subfield>
    <subfield code="l">3</subfield>
    <subfield code="o">AGR &#x17A2;&#x17CA;&#x17BB;&#x1793;&#x200B; 1995 B012 Or.8</subfield>
    <subfield code="p">RUA003785</subfield>
    <subfield code="r">2016-08-23</subfield>
    <subfield code="s">2016-08-08</subfield>
    <subfield code="w">2015-09-10</subfield>
    <subfield code="y">AGR</subfield>
  </datafield>
</record>
